| 000 | 00521nam a22001937a 4500 | ||
|---|---|---|---|
| 003 | OSt | ||
| 005 | 20160509171111.0 | ||
| 008 | 160509b xxu||||| |||| 00| 0 eng d | ||
| 020 | _a0895262762. | ||
| 040 | _cDDC. | ||
| 082 | _a576.8WEL 2000. | ||
| 100 |
_aJonathan,Wells; _98588 |
||
| 245 |
_aIcons of Evolution. _bScience or Myth? |
||
| 260 |
_aWashington Dc. _bregnery Publishing,Inc. _c2000. |
||
| 300 |
_a338p; _bill; _c22cm. |
||
| 504 | _aincludes notes and index. | ||
| 650 |
_aScience. _92110 |
||
| 942 |
_2ddc _cSLOAN |
||
| 999 |
_c3920 _d3920 |
||